The sultan's seraglio : an intimate portrait of life at the Ottoman court

Αποθηκεύτηκε σε:
Λεπτομέρειες βιβλιογραφικής εγγραφής
Κύριος συγγραφέας: Bon, Ottaviano 1552-1623
Μορφή: Βιβλίο
Γλώσσα:English
Δημοσίευση: London : Saqi Books, 1996.
Θέματα:
Ετικέτες: Προσθήκη ετικέτας
Δεν υπάρχουν, Καταχωρήστε ετικέτα πρώτοι!

MARC

LEADER 00000cam a2200000 i 4500
001 1/11124
008 970902s1996 enk| ||| |||| ||eng||
020 |a 0863560466 
035 |1 ΠΑΡ  |a 1997  |l 10018134 
040 |a GR-MyUA  |b gre  |e AACR2 
041 0 |a eng 
082 0 |a 956.015 
100 1 |a Bon, Ottaviano  |d 1552-1623. 
245 1 4 |a The sultan's seraglio :   |b an intimate portrait of life at the Ottoman court /   |c Ottaviano Bon ; introduced and annotated by Godfrey Goodwin.  
260 |a London :   |b Saqi Books,   |c 1996.  
300 |a 165 σ.  
500 |a From the seventeenth century edition of John Withers 
504 |a Περιέχει βιβλιογραφικές αναφορές.  
651 0 |a Turkey  |x Courts and courtiers  |x Social life and customs  |x Early works to 1800. 
651 0 |a Turkey  |x History  |y 17th century. 
767 0 8 |i Μεταφρασμένο ως:   |t Το σαράϊ του σουλτάνου :  
852 |a INST  |b LESVOS  |e 19970902  |h 956.015 ΒΟΝ  |p 005100010807  |q 005100010807  |t BK  |y 0 
909 |a Λ  |b 050769 
922 |a 1ΔΩΡ  |b 199707  |c ΤΚΑ